000 00317nam a2200145Ia 4500
008 090123s9999 xx 000 0 und d
082 _b17530
245 _aSWAMI VIEKANAND
250 _a1
260 _bADVAITA ASHRAMA
300 _a535
630 _aSWAMI VIEKANAND
730 _aSWAMI VIEKANAND
942 _cBOOK
999 _c55589
_d55589